000 nam a22 7a 4500
999 _c7999
_d7999
008 171121b xxu||||| |||| 00| 0 eng d
100 _aHopwood.C.
_94453
245 _aThe Sleepy monster and other stories
260 _aGD
_bEgmont
_c1989